| 000 | 02911nam a22004217a 4500 | ||
|---|---|---|---|
| 005 | 20111109102312.0 | ||
| 010 | _aENG-104066 B-459405-414 | ||
| 020 |
_a9780198079514 _c345.00 |
||
| 020 |
_a0198079516 _c345.00 |
||
| 035 | _aEN-87599 B-459405-414 | ||
| 037 | _bDBAD/PUB | ||
| 037 | _bAllied Pub/Ven | ||
| 082 | _a301 | ||
| 100 |
_aBloch, Maurice _946738 |
||
| 245 |
_aMarxism and anthropology : _bthe history of a relationship / _cby Maurice Bloch |
||
| 260 |
_aNew Delhi _bOxford University Press _c2011(repr.) |
||
| 270 |
_aYMCA Library Building, 1, Jai Singh Road _bNew Delhi _e110001 |
||
| 300 |
_a180p. _c20cm (pbk) |
||
| 490 |
_aMarxist introductions ; edited by Raymond Williams [and] Steven Lukes _946739 |
||
| 500 | _aIncludes bibliographical references (p. 173-176) and index. | ||
| 600 |
_aMarx, Karl _d1818-1883 _946740 |
||
| 600 |
_aEngels, Friedrich _d1820-1895 _946741 |
||
| 650 |
_aMarxist anthropology _946742 |
||
| 650 |
_aAnthropology. _946743 |
||
| 942 |
_2ddc _cEN _h301 _mBLO |
||
| 999 |
_c58244 _d58244 |
||